|
|
|
|
| LEADER |
00656nab a2200193 i 4500 |
| 001 |
acta15195 |
| 005 |
20210409081804.0 |
| 008 |
161015s1988 hu o 0|| eng d |
| 022 |
|
|
|a 0001-6969
|
| 040 |
|
|
|a SZTE Egyetemi Kiadványok Repozitórium
|b hun
|
| 041 |
|
|
|a eng
|
| 100 |
1 |
|
|a Móricz Ferenc
|
| 245 |
1 |
0 |
|a Absolute summability of double orthogonal series
|h [elektronikus dokumentum] /
|c Móricz Ferenc
|
| 260 |
|
|
|c 1988
|
| 300 |
|
|
|a 349-371
|
| 490 |
0 |
|
|a Acta scientiarum mathematicarum
|v 52 No. 3-4
|
| 695 |
|
|
|a Matematika
|
| 700 |
0 |
1 |
|a Szalay István
|e aut
|
| 856 |
4 |
0 |
|u http://acta.bibl.u-szeged.hu/15195/1/math_052_fasc_003_004_349-371.pdf
|z Dokumentum-elérés
|